[Event "Reykjavik op"]
[Site "Reykjavik"]
[Date "2024.03.15"]
[Round "1"]
[White "Sushanth, Kamabathula"]
[Black "Mueller, Magnus"]
[Result "1/2-1/2"]
[WhiteElo "1918"]
[BlackElo "2144"]
[PlyCount "67"]
[EventDate "2024.03.15"]
[EventType "swiss"]
[EventRounds "9"]
[EventCountry "ISL"]
[SourceTitle "CB13_2024"]
[SourceDate "2024.03.27"]
[SourceVersion "1"]
[SourceVersionDate "2024.03.27"]
[SourceQuality "1"]

1. e4 c5 2. Nf3 e6 3. d4 cxd4 4. Nxd4 Nc6 5. Nc3 a6 6. Be3 Nf6 7. a3 Qc7 8. Be2 Be7 9. 0-0 0-0 10. Qd2 d6 11. f4 Nxd4 12. Bxd4 b5 13. Bf3 Bb7 14. Rad1 Rad8 15. f5 e5 16. Be3 Rfe8 17. Qf2 Qc4 18. Be2 Qc8 19. Bf3 Qc4 20. Be2 Qc8 21. Bf3 Qa8 22. Qg3 Kh8 23. Bg5 Bc6 24. Bxf6 Bxf6 25. Qf2 Rd7 26. Nd5 Bxd5 27. Rxd5 Qc6 28. c3 Rb8 29. Qd2 a5 30. Rd1 Rb6 31. Be2 h6 32. g3 Qb7 33. Qd3 Rd8 34. b3 1/2-1/2

[Event "GER-chT Lands U20"]
[Site "Hannover"]
[Date "2023.10.03"]
[Round "5"]
[White "Bosselmann, Tom Linus"]
[Black "Mueller, Magnus"]
[Result "1/2-1/2"]
[WhiteElo "2106"]
[BlackElo "2073"]
[PlyCount "79"]
[EventDate "2023.10.01"]
[EventType "team-swiss"]
[EventRounds "7"]
[EventCountry "GER"]
[SourceTitle "EXT 2024"]
[Source "ChessBase"]
[SourceDate "2023.10.10"]
[SourceVersion "1"]
[SourceVersionDate "2023.10.10"]
[SourceQuality "1"]

1. e4 c6 2. Nc3 d5 3. Nf3 dxe4 4. Nxe4 Nf6 5. Qe2 Nxe4 6. Qxe4 Nd7 7. Bc4 Nf6 8. Ne5 e6 9. Qe2 b5 10. Bd3 Qc7 11. a4 Bd6 12. Nxc6 b4 13. Nd4 a6 14. Nf5 Be5 15. Nxg7+ Kf8 16. Nh5 Nxh5 17. Qxh5 Bb7 18. Qh4 Rg8 19. Bf1 a5 20. d4 Bg7 21. Bd3 e5 22. f3 b3 23. 0-0 Ba6 24. Qe4 Bb7 25. Qh4 Ba6 26. Qe4 Bb7 27. d5 bxc2 28. Be3 Qd6 29. Bc4 Rc8 30. f4 Bh6 31. b3 exf4 32. Bxf4 Bxf4 33. Qxf4 Qc5+ 34. Qf2 Bxd5 35. Qxc5+ Rxc5 36. Bxd5 Rxd5 37. Rac1 Rd2 38. Rf2 Rd1+ 39. Rf1 Rd2 40. Rf2 1/2-1/2

[Event "GER-chT Lands U20"]
[Site "Hannover"]
[Date "2023.10.02"]
[Round "3"]
[White "Mueller, Magnus"]
[Black "Herrmann, Jakob"]
[Result "1-0"]
[WhiteElo "2073"]
[BlackElo "2068"]
[PlyCount "51"]
[EventDate "2023.10.01"]
[EventType "team-swiss"]
[EventRounds "7"]
[EventCountry "GER"]
[SourceTitle "EXT 2024"]
[Source "ChessBase"]
[SourceDate "2023.10.10"]
[SourceVersion "1"]
[SourceVersionDate "2023.10.10"]
[SourceQuality "1"]

1. e4 c5 2. c3 d5 3. exd5 Qxd5 4. d4 Nf6 5. Nf3 Bg4 6. dxc5 Qxc5 7. Be3 Qd5 8. Qa4+ Nc6 9. Nbd2 g6 10. Bc4 Qd7 11. Ng5 Ne5 12. Bb5 Nc6 13. h3 Bf5 14. 0-0-0 Bg7 15. g4 Be6 16. Ndf3 Qc8 17. Nxe6 fxe6 18. Nd4 0-0 19. Nxe6 a6 20. Bxc6 bxc6 21. Nxf8 Kxf8 22. Bc5 Rb8 23. Rhe1 Nd5 24. Ba3 Qc7 25. Rxd5 cxd5 26. Rxe7 1-0

[Event "GER-chT Lands U20"]
[Site "Hannover"]
[Date "2023.10.01"]
[Round "1"]
[White "Mueller, Magnus"]
[Black "Knuedel, Torben"]
[Result "1/2-1/2"]
[WhiteElo "2073"]
[BlackElo "2272"]
[PlyCount "90"]
[EventDate "2023.10.01"]
[EventType "team-swiss"]
[EventRounds "7"]
[EventCountry "GER"]
[SourceTitle "EXT 2024"]
[Source "ChessBase"]
[SourceDate "2023.10.10"]
[SourceVersion "1"]
[SourceVersionDate "2023.10.10"]
[SourceQuality "1"]

1. d4 Nf6 2. Nf3 d5 3. c4 e6 4. g3 dxc4 5. Bg2 c6 6. Ne5 Bb4+ 7. Nc3 0-0 8. 0-0 Nd5 9. Qc2 b5 10. e4 Ne7 11. Rd1 Nd7 12. Ng4 Qe8 13. d5 Bxc3 14. Qxc3 exd5 15. exd5 Nxd5 16. Rxd5 cxd5 17. Bxd5 b4 18. Qd4 h5 19. Bh6 gxh6 20. Nxh6+ Kh7 21. Be4+ f5 22. Nxf5 Qe5 23. Ne3+ Kg7 24. Qxe5+ Nxe5 25. Bxa8 Nd3 26. Nxc4 Be6 27. b3 Bxc4 28. bxc4 Rxa8 29. Rd1 Ne5 30. Rd5 Kf6 31. c5 a5 32. f4 Nf7 33. c6 a4 34. c7 b3 35. axb3 axb3 36. Rb5 Rc8 37. Rxb3 Rxc7 38. h3 Nd6 39. g4 h4 40. Re3 Rc2 41. Re5 Rc3 42. Kg2 Nc4 43. Rh5 Rc2+ 44. Kf3 Rc3+ 45. Kg2 Ne3+ 1/2-1/2

[Event "GER-chT Lands U20"]
[Site "Hannover"]
[Date "2023.10.01"]
[Round "2"]
[White "Nemitz, Alfred"]
[Black "Mueller, Magnus"]
[Result "1-0"]
[WhiteElo "2228"]
[BlackElo "2073"]
[PlyCount "67"]
[EventDate "2023.10.01"]
[EventType "team-swiss"]
[EventRounds "7"]
[EventCountry "GER"]
[SourceTitle "EXT 2024"]
[Source "ChessBase"]
[SourceDate "2023.10.10"]
[SourceVersion "1"]
[SourceVersionDate "2023.10.10"]
[SourceQuality "1"]

1. d4 d5 2. c4 c6 3. Nf3 Nf6 4. Qc2 dxc4 5. Qxc4 Bf5 6. Nc3 e6 7. g3 Be7 8. Bg2 0-0 9. 0-0 Nbd7 10. Re1 Bg6 11. Bg5 Rc8 12. Qb3 Qb6 13. Qxb6 axb6 14. Ne5 Bd8 15. Nc4 b5 16. Nd6 Rb8 17. Rac1 b4 18. Nb1 Bc7 19. Nc4 Ne4 20. Be7 Rfc8 21. Bxb4 Ndf6 22. f3 b5 23. Ne3 Nd6 24. Rxc6 Nc4 25. Nxc4 bxc4 26. Ba3 Ba5 27. Rxc8+ Rxc8 28. Rc1 Bb6 29. e3 e5 30. Nd2 exd4 31. Rxc4 Re8 32. exd4 Bd3 33. Ra4 Re1+ 34. Bf1 1-0

[Event "Warsaw Najdorf Memorial op-A"]
[Site "Warsaw"]
[Date "2023.07.12"]
[Round "2"]
[White "Rasmussen, Jonas H"]
[Black "Mueller, Magnus"]
[Result "0-1"]
[WhiteElo "1970"]
[BlackElo "2201"]
[PlyCount "114"]
[EventDate "2023.07.11"]
[EventType "swiss"]
[EventRounds "9"]
[EventCountry "POL"]
[SourceTitle "EXT 2024"]
[Source "ChessBase"]
[SourceDate "2023.10.10"]
[SourceVersion "1"]
[SourceVersionDate "2023.10.10"]
[SourceQuality "1"]

1. d4 Nf6 2. Nf3 g6 3. c4 Bg7 4. Nc3 0-0 5. g3 d6 6. Bg2 c5 7. 0-0 Nc6 8. h3 cxd4 9. Nxd4 Nxd4 10. Qxd4 Be6 11. Qd3 Qc8 12. Qf3 Bxh3 13. Bxh3 Qxh3 14. Qxb7 Rab8 15. Qg2 Qxg2+ 16. Kxg2 Rfc8 17. Rb1 Rxc4 18. Bd2 Ne4 19. Nxe4 Rxe4 20. Kf3 Ra4 21. Rfc1 f5 22. Bg5 Rb7 23. a3 Kf7 24. Kg2 Rxb2 25. Rxb2 Bxb2 26. Rc7 Bf6 27. Be3 a6 28. Bc1 d5 29. Ra7 h5 30. f3 h4 31. Kh3 hxg3 32. Kxg3 Be5+ 33. Kg2 Bd6 34. Rd7 Ke8 35. Rb7 Bxa3 36. Bxa3 Rxa3 37. Kg3 g5 38. Rc7 Kf7 39. Rc6 e6 40. Kf2 Kf6 41. Rc8 Ra4 42. Ke3 Ke5 43. Rg8 g4 44. fxg4 Rxg4 45. Ra8 Ra4 46. Re8 Ra2 47. Kd3 a5 48. Ke3 a4 49. Re7 a3 50. Ra7 Ra1 51. Ra4 a2 52. Kf2 d4 53. Kg2 Ke4 54. Kf2 e5 55. Ra3 Kf4 56. Kg2 e4 57. Kh2 d3 0-1

[Event "Basel Christmas op"]
[Site "Basel"]
[Date "2022.12.26"]
[Round "1"]
[White "Mueller, Magnus"]
[Black "Weishaeutel, Moritz"]
[Result "0-1"]
[WhiteElo "2139"]
[BlackElo "2417"]
[PlyCount "110"]
[EventDate "2022.12.26"]
[EventType "swiss"]
[EventRounds "9"]
[EventCountry "SUI"]
[SourceTitle "EXT 2024"]
[Source "ChessBase"]
[SourceDate "2023.10.10"]
[SourceVersion "1"]
[SourceVersionDate "2023.10.10"]
[SourceQuality "1"]

1. d3 d5 2. Nf3 Nf6 3. g3 c5 4. Bg2 Nc6 5. 0-0 e5 6. e3 Be7 7. e4 Be6 8. Ng5 Bg4 9. f3 Bc8 10. Nc3 0-0 11. exd5 Nxd5 12. f4 Nxc3 13. bxc3 exf4 14. gxf4 h6 15. Ne4 f5 16. Ng3 Bf6 17. Bd2 Be6 18. Re1 Bd5 19. Qh5 Bxg2 20. Kxg2 Qd5+ 21. Qf3 Qxf3+ 22. Kxf3 g6 23. Rab1 b6 24. Re6 Rac8 25. h4 Kf7 26. Rd6 Bxh4 27. Rh1 Be7 28. Rd5 h5 29. Nxf5 gxf5 30. Rxf5+ Bf6 31. Rfxh5 Rh8 32. Rxh8 Rxh8 33. Rxh8 Bxh8 34. Ke4 Ke6 35. Be1 Kd6 36. Bd2 Ne7 37. c4 Ke6 38. a4 a5 39. Be1 Nf5 40. c3 Nd6+ 41. Kf3 Kf5 42. Bd2 Bf6 43. Ke2 Bg7 44. Kf3 Nf7 45. Ke3 Nd8 46. d4 Ne6 47. Kd3 cxd4 48. cxd4 Bxd4 49. c5 Bxc5 50. Kc4 Be7 51. Kb5 Bd8 52. Be3 Nc5 53. Kc6 Nxa4 54. Kd7 Bf6 55. Kc6 Ke4 0-1

[Event "GER-chT Lands U20"]
[Site "Wiesbaden"]
[Date "2022.10.01"]
[Round "1.5"]
[White "Pubantz, Jan"]
[Black "Mueller, Magnus"]
[Result "1/2-1/2"]
[WhiteElo "2273"]
[BlackElo "2004"]
[PlyCount "88"]
[EventDate "2022.09.30"]
[EventType "team-swiss"]
[EventRounds "7"]
[EventCountry "GER"]
[SourceTitle "CBM 210 Extra"]
[Source "ChessBase"]
[SourceDate "2022.11.30"]
[SourceVersion "1"]
[SourceVersionDate "2022.11.30"]
[SourceQuality "1"]
[WhiteTeam "Niedersachsen U20"]
[BlackTeam "Thueringen U20"]
[WhiteTeamCountry "GER"]
[BlackTeamCountry "GER"]

1. d4 Nf6 2. c4 g6 3. Nc3 Bg7 4. e4 d6 5. Nf3 0-0 6. Be2 e5 7. Be3 exd4 8. Nxd4 Re8 9. Qc2 c6 10. 0-0 Qe7 11. Bf3 Nbd7 12. h3 Ne5 13. Be2 Ned7 14. Bf3 Ne5 15. Be2 Ned7 16. Bd3 Ne5 17. Rae1 c5 18. Nde2 Bd7 19. Nf4 Bc6 20. Nfd5 Nxd5 21. exd5 Bd7 22. Be2 f5 23. Qd2 Qh4 24. Qc1 Nf7 25. Kh2 Bd4 26. Qd2 Bxe3 27. fxe3 Re5 28. Bd3 Rae8 29. Re2 Qe7 30. e4 fxe4 31. Rxe4 Rxe4 32. Bxe4 Ne5 33. b3 Rf8 34. Qe1 Rxf1 35. Qxf1 Ng4+ 36. hxg4 Qe5+ 37. g3 Qxc3 38. Qf4 Qd4 39. Qxd6 Qd2+ 40. Bg2 Qh6+ 41. Kg1 Qe3+ 42. Kh2 Qh6+ 43. Kg1 Qe3+ 44. Kh2 Qh6+ 1/2-1/2

[Event "GER-chT U16"]
[Site "Kiel"]
[Date "2022.07.24"]
[Round "4.3"]
[White "Albert, Markus1111"]
[Black "Mueller, Magnus"]
[Result "1/2-1/2"]
[WhiteElo "2010"]
[BlackElo "2021"]
[PlyCount "83"]
[EventDate "2022.07.22"]
[EventType "team-swiss"]
[EventRounds "7"]
[EventCountry "GER"]
[SourceTitle "CBM 209 Extra"]
[Source "ChessBase"]
[SourceDate "2022.09.30"]
[SourceVersion "1"]
[SourceVersionDate "2022.09.30"]
[SourceQuality "1"]
[WhiteTeam "Ansbach"]
[BlackTeam "Gera"]
[WhiteTeamCountry "GER"]
[BlackTeamCountry "GER"]

1. e4 c5 2. f4 d5 3. Nf3 dxe4 4. Ng5 Nf6 5. Bc4 e6 6. Nc3 Nc6 7. a3 a6 8. Ngxe4 b5 9. Ba2 Nxe4 10. Nxe4 Qh4+ 11. g3 Qh3 12. Ng5 Qg2 13. Qf3 Qxf3 14. Nxf3 Bb7 15. Rf1 Be7 16. d3 0-0 17. Be3 a5 18. Kf2 Rfd8 19. Rfe1 Rac8 20. Re2 Bd6 21. a4 b4 22. Nd2 Nd4 23. Bxd4 cxd4 24. Bc4 Kf8 25. Rae1 Rc5 26. Bb3 Bc7 27. Ne4 Rf5 28. Kg1 h6 29. Nd2 Bc6 30. Nc4 Bd5 31. Nd2 Bc6 32. Nc4 g5 33. fxg5 hxg5 34. Ne5 Bf3 35. Nxf3 Rxf3 36. Kg2 Rf5 37. Re4 Kg7 38. Rg4 Kf6 39. Ree4 Bb6 40. Re2 Bc7 41. Rge4 Re5 42. Rf2+ 1/2-1/2

[Event "GER-ch U18"]
[Site "Willingen"]
[Date "2022.06.10"]
[Round "8"]
[White "Mueller, Magnus"]
[Black "Jeschke, Jan"]
[Result "0-1"]
[WhiteElo "2034"]
[BlackElo "2125"]
[PlyCount "84"]
[EventDate "2022.06.04"]
[EventType "swiss"]
[EventRounds "9"]
[EventCountry "GER"]
[SourceTitle "CBM 208 Extra"]
[Source "ChessBase"]
[SourceDate "2022.07.31"]
[SourceVersion "1"]
[SourceVersionDate "2022.07.31"]
[SourceQuality "1"]

1. d4 Nf6 2. Nc3 d5 3. Bf4 Bf5 4. e3 e6 5. Nf3 Bd6 6. Ne5 a6 7. h3 c5 8. g4 Bg6 9. h4 h6 10. Nxg6 fxg6 11. Bd3 Bxf4 12. Bxg6+ Ke7 13. exf4 cxd4 14. Qxd4 Nc6 15. Qc5+ Qd6 16. Qxd6+ Kxd6 17. f3 Rhf8 18. 0-0-0 Nd7 19. Ne2 Rac8 20. Rhe1 b5 21. f5 e5 22. f4 Nb4 23. c3 e4 24. Nd4 Nd3+ 25. Rxd3 exd3 26. Re6+ Kc7 27. Rxa6 Nf6 28. Kd2 Ne4+ 29. Ke3 b4 30. Re6 d2 31. Ke2 bxc3 32. bxc3 Rb8 33. Rxe4 dxe4 34. Kxd2 Kd6 35. Ke3 Rfc8 36. Kxe4 Rxc3 37. f6 gxf6 38. Bf7 Rb4 39. Kf5 Rxd4 40. Bh5 Ke7 41. Kg6 Rxf4 42. Kxh6 Rh3 0-1

[Event "GER-ch U18"]
[Site "Willingen"]
[Date "2022.06.09"]
[Round "7"]
[White "Mueller, Magnus"]
[Black "Haack, Kevin"]
[Result "1/2-1/2"]
[WhiteElo "2034"]
[BlackElo "2176"]
[PlyCount "88"]
[EventDate "2022.06.04"]
[EventType "swiss"]
[EventRounds "9"]
[EventCountry "GER"]
[SourceTitle "CBM 208 Extra"]
[Source "ChessBase"]
[SourceDate "2022.07.31"]
[SourceVersion "1"]
[SourceVersionDate "2022.07.31"]
[SourceQuality "1"]

1. d4 d5 2. c4 e6 3. Nf3 Nf6 4. g3 Bb4+ 5. Nc3 Ne4 6. Bd2 Bxc3 7. Bxc3 0-0 8. Bg2 Nxc3 9. bxc3 c6 10. 0-0 Nd7 11. Nd2 Qc7 12. cxd5 cxd5 13. Qb3 Nb6 14. a4 Rb8 15. a5 Nd7 16. Rfc1 b5 17. axb6 Rxb6 18. Qd1 Ba6 19. e4 Nf6 20. Ra3 Bb5 21. exd5 exd5 22. Nb3 a6 23. Nc5 Nd7 24. Nd3 Qd6 25. Rca1 Rc8 26. Nb4 Nf6 27. Qf3 Bc4 28. Qf5 Qe6 29. Qxe6 fxe6 30. f3 Kf7 31. Bf1 a5 32. Nc2 a4 33. Bxc4 Rxc4 34. Nb4 Rb7 35. Nd3 Nd7 36. Kf2 Kf6 37. Ke3 Rbc7 38. Kd2 e5 39. dxe5+ Nxe5 40. Nxe5 Kxe5 41. Rxa4 Rxc3 42. Re1+ Kd6 43. Ra6+ Kd7 44. Ra5 Kd6 1/2-1/2

[Event "GER-ch U18"]
[Site "Willingen"]
[Date "2022.06.07"]
[Round "4"]
[White "Chen, Qingzhi Alexander"]
[Black "Mueller, Magnus"]
[Result "0-1"]
[WhiteElo "1879"]
[BlackElo "2034"]
[PlyCount "94"]
[EventDate "2022.06.04"]
[EventType "swiss"]
[EventRounds "9"]
[EventCountry "GER"]
[SourceTitle "CBM 208 Extra"]
[Source "ChessBase"]
[SourceDate "2022.07.31"]
[SourceVersion "1"]
[SourceVersionDate "2022.07.31"]
[SourceQuality "1"]

1. e4 c5 2. Nf3 e6 3. d4 cxd4 4. Nxd4 Nf6 5. Nc3 Nc6 6. a3 d6 7. Be3 a6 8. Be2 Be7 9. f4 Qc7 10. g4 h6 11. h4 b5 12. Bf3 Bb7 13. g5 hxg5 14. hxg5 Rxh1+ 15. Bxh1 Nd7 16. f5 Nxd4 17. Qxd4 Ne5 18. 0-0-0 0-0-0 19. g6 Bf6 20. gxf7 Qxf7 21. fxe6 Qxe6 22. Nd5 Bxd5 23. exd5 Qe7 24. c3 Nc4 25. Qg4+ Kb8 26. Bf2 Rf8 27. Re1 Be5 28. Bh4 Qc7 29. Kb1 Nxa3+ 30. bxa3 Qxc3 31. Rxe5 Qb3+ 32. Ka1 Qxa3+ 33. Kb1 Qb3+ 34. Ka1 Qc3+ 35. Ka2 dxe5 36. Qe6 Qc4+ 37. Ka3 b4+ 38. Ka4 Qa2+ 39. Kxb4 Rf4+ 40. Kc5 Qc4+ 41. Kb6 Qc7+ 42. Kxa6 Ra4+ 43. Kb5 Ra5+ 44. Kb4 Qc5+ 45. Kb3 Ra3+ 46. Kb2 Qc3+ 47. Kb1 Ra1# 0-1

[Event "GER-ch U18"]
[Site "Willingen"]
[Date "2022.06.05"]
[Round "2"]
[White "Weishaeutel, Moritz"]
[Black "Mueller, Magnus"]
[Result "1-0"]
[WhiteElo "2407"]
[BlackElo "2034"]
[PlyCount "81"]
[EventDate "2022.06.04"]
[EventType "swiss"]
[EventRounds "9"]
[EventCountry "GER"]
[SourceTitle "CBM 208 Extra"]
[Source "ChessBase"]
[SourceDate "2022.07.31"]
[SourceVersion "1"]
[SourceVersionDate "2022.07.31"]
[SourceQuality "1"]

1. e4 c6 2. Nc3 d5 3. Qf3 dxe4 4. Nxe4 Nf6 5. c3 Nxe4 6. Qxe4 Qd5 7. Bd3 Be6 8. Ne2 Qxe4 9. Bxe4 Bd5 10. d3 Nd7 11. Nf4 Bxe4 12. dxe4 Nc5 13. f3 e5 14. Nh3 0-0-0 15. Ke2 f6 16. Nf2 Be7 17. Be3 Kc7 18. Rhd1 b6 19. Nd3 Nxd3 20. Rxd3 Rxd3 21. Kxd3 Rd8+ 22. Ke2 c5 23. h4 Kc6 24. g4 c4 25. g5 Bc5 26. Bxc5 Kxc5 27. gxf6 gxf6 28. Rg1 Rd7 29. Rg8 Rf7 30. h5 b5 31. h6 Kd6 32. Ke3 a5 33. Ra8 a4 34. Ra6+ Kc5 35. a3 f5 36. exf5 Rxf5 37. Ra7 Rh5 38. Rxh7 Rh2 39. Rh8 Kb6 40. h7 Kc7 41. Ra8 1-0

[Event "Oberliga Ost-B 2122"]
[Site "Germany"]
[Date "2022.05.22"]
[Round "5.2"]
[White "Mueller, Magnus"]
[Black "Braun, Vitali"]
[Result "0-1"]
[WhiteElo "1975"]
[BlackElo "2345"]
[PlyCount "68"]
[EventDate "2021.10.10"]
[EventType "team-tourn"]
[EventRounds "11"]
[EventCountry "GER"]
[SourceTitle "EXT 2023"]
[Source "ChessBase"]
[SourceDate "2022.10.05"]
[SourceVersion "1"]
[SourceVersionDate "2022.10.05"]
[SourceQuality "1"]
[WhiteTeam "Gera"]
[BlackTeam "Griesheim"]
[WhiteTeamCountry "GER"]
[BlackTeamCountry "GER"]

1. d4 d5 2. c4 c6 3. Nf3 Nf6 4. Nc3 a6 5. c5 Nbd7 6. Bf4 Nh5 7. Bd2 Nhf6 8. Bf4 Nh5 9. Bd2 g6 10. e4 dxe4 11. Nxe4 Nhf6 12. Nxf6+ Nxf6 13. Bc4 Bg7 14. Qb3 0-0 15. 0-0 Nd5 16. Rfe1 Re8 17. h3 Rb8 18. Rac1 Bf5 19. a4 h6 20. Ne5 g5 21. Qf3 e6 22. g4 Bg6 23. Kg2 Qe7 24. b4 Bh7 25. Qb3 Rbd8 26. Rcd1 Qf6 27. b5 axb5 28. axb5 Nf4+ 29. Bxf4 Qxf4 30. Qe3 Bxe5 31. Qxe5 Qxe5 32. Rxe5 Rd7 33. d5 cxd5 34. Rdxd5 exd5 0-1

[Event "Oberliga Ost-B 2122"]
[Site "Germany"]
[Date "2022.04.03"]
[Round "11.2"]
[White "Heinatz, Thomas"]
[Black "Mueller, Magnus"]
[Result "1/2-1/2"]
[WhiteElo "2307"]
[BlackElo "1975"]
[PlyCount "61"]
[EventDate "2021.10.10"]
[EventType "team-tourn"]
[EventRounds "11"]
[EventCountry "GER"]
[SourceTitle "EXT 2023"]
[Source "ChessBase"]
[SourceDate "2022.10.05"]
[SourceVersion "1"]
[SourceVersionDate "2022.10.05"]
[SourceQuality "1"]
[WhiteTeam "Schoeneck"]
[BlackTeam "Gera"]
[WhiteTeamCountry "GER"]
[BlackTeamCountry "GER"]

1. e4 c6 2. d4 d5 3. e5 Bf5 4. h4 h5 5. Bd3 Bxd3 6. Qxd3 Qa5+ 7. Nd2 e6 8. Ngf3 Ne7 9. 0-0 Nf5 10. c4 Be7 11. g3 0-0 12. b3 Rd8 13. Bb2 c5 14. dxc5 Qxc5 15. Rfc1 Nc6 16. a3 dxc4 17. Qxc4 Qxc4 18. Rxc4 Rd3 19. Kf1 Rad8 20. Ke2 Kf8 21. b4 R3d5 22. Nb3 Rd3 23. Bc3 a6 24. Rh1 R3d5 25. Rc1 f6 26. exf6 gxf6 27. Nfd2 Nd6 28. Rc5 Nb5 29. Rxd5 Rxd5 30. Bb2 Ne5 31. Nc5 1/2-1/2

[Event "Oberliga Ost-B 2122"]
[Site "Germany"]
[Date "2022.03.05"]
[Round "8.2"]
[White "Mueller, Magnus"]
[Black "Felgendreher, Heiko"]
[Result "1-0"]
[WhiteElo "1975"]
[BlackElo "2194"]
[PlyCount "59"]
[EventDate "2021.10.10"]
[EventType "team-tourn"]
[EventRounds "11"]
[EventCountry "GER"]
[SourceTitle "EXT 2023"]
[Source "ChessBase"]
[SourceDate "2022.10.05"]
[SourceVersion "1"]
[SourceVersionDate "2022.10.05"]
[SourceQuality "1"]
[WhiteTeam "Gera"]
[BlackTeam "Moerlenbach Birkenau"]
[WhiteTeamCountry "GER"]
[BlackTeamCountry "GER"]

1. e4 c5 2. Nf3 d6 3. d4 cxd4 4. Nxd4 Nf6 5. Nc3 a6 6. Bg5 Nbd7 7. Qe2 g6 8. f4 Qc7 9. 0-0-0 Bg7 10. g4 0-0 11. f5 b5 12. h4 Bb7 13. Bg2 b4 14. Nd5 Bxd5 15. exd5 Qa5 16. Kb1 Ne5 17. h5 Rac8 18. hxg6 Nc4 19. Rh3 Nd7 20. Nc6 Rxc6 21. dxc6 Ndb6 22. Bxe7 Na3+ 23. bxa3 bxa3 24. Bxf8 Kxf8 25. gxh7 Na4 26. h8Q+ Bxh8 27. Rxh8+ Kg7 28. f6+ Kxf6 29. Qf3+ Kg7 30. Rh7+ 1-0

[Event "GER-chT Lands U20"]
[Site "Neumuenster"]
[Date "2021.10.04"]
[Round "4.6"]
[White "Bornholdt, Joa Max"]
[Black "Mueller, Magnus"]
[Result "1-0"]
[WhiteElo "1956"]
[BlackElo "2047"]
[PlyCount "49"]
[EventDate "2021.10.01"]
[EventType "team-swiss"]
[EventRounds "7"]
[EventCountry "GER"]
[SourceTitle "CBM 204 Extra"]
[Source "ChessBase"]
[SourceDate "2021.11.30"]
[SourceVersion "1"]
[SourceVersionDate "2021.11.30"]
[SourceQuality "1"]
[WhiteTeam "Schleswig Holstein"]
[BlackTeam "Thueringen"]
[WhiteTeamCountry "GER"]
[BlackTeamCountry "GER"]

1. d4 Nf6 2. c4 e6 3. Nc3 Bb4 4. e3 0-0 5. Bd3 c5 6. Nf3 d5 7. 0-0 dxc4 8. Bxc4 Nc6 9. Bd3 cxd4 10. exd4 b6 11. a3 Bxc3 12. bxc3 h6 13. Bb2 Bb7 14. Rc1 Na5 15. c4 Rc8 16. Re1 Ba6 17. Ne5 Nd7 18. Nxd7 Qxd7 19. Qe2 Rfd8 20. Qe4 f5 21. Qe2 e5 22. Qxe5 Nxc4 23. Rxc4 Bxc4 24. Bxf5 Qd6 25. Qxd6 1-0

[Event "GER-ch U16"]
[Site "Willingen"]
[Date "2021.08.28"]
[Round "8"]
[White "Mueller, Magnus"]
[Black "Lutz, Ruben"]
[Result "0-1"]
[WhiteElo "2147"]
[BlackElo "2108"]
[PlyCount "88"]
[EventDate "2021.08.22"]
[EventType "swiss"]
[EventRounds "9"]
[EventCountry "GER"]
[SourceTitle "EXT 2022"]
[Source "ChessBase"]
[SourceDate "2021.10.06"]
[SourceVersion "1"]
[SourceVersionDate "2021.10.06"]
[SourceQuality "1"]

1. d4 Nf6 2. Bf4 g6 3. Nc3 d5 4. e3 Bg7 5. h4 c5 6. dxc5 Nc6 7. Bb5 0-0 8. Qd2 e5 9. Bg5 d4 10. exd4 exd4 11. Nce2 Qd5 12. f3 Qxc5 13. Bxc6 bxc6 14. Qxd4 Qa5+ 15. Qc3 Qf5 16. 0-0-0 Nd5 17. Qc5 Be6 18. Nd4 Qe5 19. Nge2 Rab8 20. c3 Rb6 21. Rhe1 Qb8 22. b3 Bd7 23. Bd2 a5 24. Nc2 a4 25. b4 Rb5 26. Qf2 a3 27. c4 Rxb4 28. Bxb4 Nxb4 29. Nxb4 Qxb4 30. Nd4 Rb8 31. Nb3 Qc3+ 32. Qc2 Bh6+ 33. Kb1 Bf5 34. Re4 Bxe4 35. fxe4 Qe5 36. Rd3 Bg7 37. Kc1 Qf4+ 38. Qd2 Qf1+ 39. Kc2 Qf6 40. Rd6 Qb2+ 41. Kd1 Qb1+ 42. Ke2 Qxe4+ 43. Qe3 Qxg2+ 44. Kd3 Qxa2 0-1